<?xml version="1.0" encoding="UTF-8"?>
<collection xmlns:xsi="http://www.w3.org/2001/XMLSchema-instance" xsi:schemaLocation="http://www.loc.gov/MARC21/slim http://www.loc.gov/standards/marcxml/schema/MARC21slim.xsd" xmlns="http://www.loc.gov/MARC21/slim">
 <record>
  <leader>00000cmm a2200000 i 4500</leader>
  <controlfield tag="001">UP-99946688289973680</controlfield>
  <controlfield tag="003">Buklod</controlfield>
  <controlfield tag="005">20250311100120.0</controlfield>
  <controlfield tag="006">m    go  u        </controlfield>
  <controlfield tag="007">ta</controlfield>
  <controlfield tag="008">250311s2022    xx         u             </controlfield>
  <datafield tag="020" ind1=" " ind2=" ">
   <subfield code="a">9789292690717(ebook)</subfield>
  </datafield>
  <datafield tag="035" ind1=" " ind2=" ">
   <subfield code="a">(Buklod)UP-99796217613645510</subfield>
  </datafield>
  <datafield tag="040" ind1=" " ind2=" ">
   <subfield code="a">DECON</subfield>
   <subfield code="e">rda</subfield>
  </datafield>
  <datafield tag="041" ind1="0" ind2=" ">
   <subfield code="a">eng</subfield>
  </datafield>
  <datafield tag="084" ind1=" " ind2=" ">
   <subfield code="a">HE 7</subfield>
   <subfield code="b">A85 2022eb</subfield>
  </datafield>
  <datafield tag="245" ind1="1" ind2="0">
   <subfield code="a">BIMSTEC master plan for transport connectivity.</subfield>
  </datafield>
  <datafield tag="264" ind1=" " ind2="1">
   <subfield code="a">Metro Manila, Philippines</subfield>
   <subfield code="b">Asian Development Bank</subfield>
   <subfield code="c">2022</subfield>
  </datafield>
  <datafield tag="300" ind1=" " ind2=" ">
   <subfield code="a">1 online resource (162 pages)</subfield>
   <subfield code="b">illustrations.</subfield>
  </datafield>
  <datafield tag="336" ind1=" " ind2=" ">
   <subfield code="a">text</subfield>
   <subfield code="2">rdacontent</subfield>
  </datafield>
  <datafield tag="337" ind1=" " ind2=" ">
   <subfield code="a">computer</subfield>
   <subfield code="2">rdamedia</subfield>
  </datafield>
  <datafield tag="338" ind1=" " ind2=" ">
   <subfield code="a">online resource</subfield>
   <subfield code="2">rdacarrier</subfield>
  </datafield>
  <datafield tag="505" ind1="0" ind2="0">
   <subfield code="a">Executive Summary - - Introduction and Background - - Overall Master Plan Framework - - Roads and Road Transport - - Railways and Rail Transport - - Ports and Maritime Transport - - Inland Water Transport - - Civil Aviation and Airport Development - - Multimodal and Intermodal Transport - - Trade Facilitation - - Human Resource Development - - Implementation - - Appendixes.</subfield>
  </datafield>
  <datafield tag="520" ind1="0" ind2=" ">
   <subfield code="a">It is intended to guide actions and promote synergies among various connectivity frameworks and help achieve sustainable development of the region. A specific framework is presented here for organizing a set of policies, strategies, and projects toward realizing a shared vision of peace, prosperity, and sustainability. With BIMSTEC’s unique geographical position as a bridge linking South and Southeast Asia, this document is also relevant to its neighboring regions. BIMSTEC was established as a regional organization in June 1997 to promote free trade within the region, increase cross-border investment and tourism, and promote technical cooperation.</subfield>
  </datafield>
  <datafield tag="650" ind1="1" ind2="0">
   <subfield code="a">Transportation.</subfield>
  </datafield>
  <datafield tag="650" ind1=" " ind2="0">
   <subfield code="a">Transportation</subfield>
   <subfield code="z">Southeast Asia.</subfield>
  </datafield>
  <datafield tag="650" ind1=" " ind2="0">
   <subfield code="a">Electronic books.</subfield>
  </datafield>
  <datafield tag="842" ind1=" " ind2=" ">
   <subfield code="a">Electronic Resource</subfield>
  </datafield>
  <datafield tag="856" ind1="4" ind2="0">
   <subfield code="u">https://www.adb.org/documents/bimstec-master-plan-transport-connectivity</subfield>
   <subfield code="y">Open Access Electronic Books from ADB.</subfield>
  </datafield>
  <datafield tag="905" ind1=" " ind2=" ">
   <subfield code="a">FI</subfield>
  </datafield>
  <datafield tag="852" ind1="0" ind2=" ">
   <subfield code="a">UPD</subfield>
   <subfield code="b">DECON</subfield>
  </datafield>
  <datafield tag="942" ind1=" " ind2=" ">
   <subfield code="a">Electronic Resource</subfield>
  </datafield>
 </record>
</collection>
